BIBLIOTHÈQUE DE LA MAISON DU MEXIQUE

Logo 1 Logo 2

Histoire du nouveau monde (notice nᵒ 623)

détails MARC
000 -Sello discográfico
campo de control de longitud fija 01181nam a2200337 4500
005 - Identificación de versión
campo de control 20251016082332.0
010 ## - Número Estándar Internacional de Libros (ISBN)
Número (ISBN) 2-213-02764-1
010 ## - Número Estándar Internacional de Libros (ISBN)
Número (ISBN) 2-213-02965-2
035 ## - Otros números de control del sistema
Número de control del sistema 20288
099 ## - fechas locales
Tipo de ítem Koha LIBRO
100 ## - Datos de procesamiento general
Datos de procesamiento general 19960110d19931991m y1spay5003 ba
200 1# - Título y mención de responsabilidad
Título propio Histoire du nouveau monde
Designación general del material texto impreso
Primer mención de responsabilidad Carmen Bernand, Serge Gruzinski
210 ## - Publicación, distribución, etc.
Lugar de publicación, distribución, etc. Paris
Nombre del editor, distribuidor, etc. Fayard
Fecha de publicación, distribución, etc. 1991, 1993
215 ## - Descripción física
Designación de material específico y extensión del ítem v
Otras características físicas il.
Dimensiones 24 cm
327 ## - Nota de contenidos
Texto de la nota v.1 : De la découverte à la conquête, une expérience européenne : 1492-1550. v.2 : Les métissages : 1550-1640
345 ## - Nota de información de adquisición
Fuente de adquisición/dirección de la suscripción [OBSOLETO] Compra
606 ## - Término temático usado como materia
Elemento de entrada Indios de México
Subdivisión temática Mezcla de sangres
Número Koha 811
607 ## - Nombre geográfico utilizado como tema
Elemento de entrada América
Subdivisión temática Descubrimiento y exploración
-- Españoles
Número Koha 1796
607 ## - Nombre geográfico utilizado como tema
Elemento de entrada México
Subdivisión temática Historia
Subdivisión cronológica Dominación española, 1517-1821
Número Koha 1535
660 ## - Código de área geográfica
Código MX
700 ## - Nombre personal - Responsabilidad primaria
Elemento de entrada Bernand
Parte del nombre distinta del elemento de entrada Carmen
Fechas 1939-
Número Koha 723
701 ## - Nombre personal - Responsabilidad alternativa
Elemento de entrada Gruzinski
Parte del nombre distinta del elemento de entrada Serge
Fechas 1949-
Número Koha 812
801 #0 - Fuente de origen
Agencia cm
900 ## -
-- 1/12112
900 ## -
-- 710961604\\100196
942 ## - ELEMENTOS DE ENTRADA SECUNDARIOS (KOHA)
Tipo de ítem Koha Livre
996 ## -
-- MEX
-- 751145101
-- MMAG
-- 005843
-- 980.01 B517H V.1
-- 20220114LIV
996 ## -
-- MEX
-- 751145101
-- MMAG
-- 005844
-- 980.01 B517H V.2
-- 20220114LIV
Exemplaires
Estatus retirado Estado de daño Estado de pérdida Fecha de adquisición Biblioteca de origen Biblioteca actual Ubicación en estantería Código de barras Precio de reemplazo Signatura topográfica completa No para préstamo Tipo de ítem Koha Nota pública Nota no pública
      05/08/2025 Casa México Paris Casa México Paris   005843 05/08/2025 980.01 B517H V.1   Livre 20220114LIV 751145101
      05/08/2025 Casa México Paris Casa México Paris   005844 05/08/2025 980.01 B517H V.2   Livre 20220114LIV 751145101